Pulsed laser illumination of ion implanted silicon /
Saved in:
| 主要作者: | |
|---|---|
| 格式: | Thesis 图书 |
| 语言: | English |
| 出版: |
1983
|
| 主题: | |
| 标签: |
添加标签
没有标签, 成为第一个标记此记录!
|
| LEADER | 00865cam a2200253 4500 | ||
|---|---|---|---|
| 001 | u51328 | ||
| 003 | SIRSI | ||
| 008 | 870807s1983 uk a v 00 1 eng m | ||
| 035 | |a AAF-5218 | ||
| 040 | |a UMM | ||
| 090 | 0 | 0 | |a TK7871.15 |b S55Wil |
| 100 | 1 | 0 | |a Wilson, Martin Clive. |
| 245 | 1 | 0 | |a Pulsed laser illumination of ion implanted silicon / |c Martin Clive Wilson. |
| 260 | |c 1983 | ||
| 300 | |a 232 leaves : |b ill. |c 29 cm. | ||
| 500 | |a Photocopy. Boston Spa : Document Supply Centre, British Library, 1984. | ||
| 502 | |a Thesis (Ph.D.) - University of Oxford, 1983. | ||
| 504 | |a Includes bibliographies. | ||
| 650 | 0 | |a Silicon |x Effect of radiation on. | |
| 650 | 0 | |a Lasers |x Industrial applications | |
| 650 | 0 | |a Semiconductor doping. | |
| 948 | |a 16/03/1991 |b 22/09/1998 | ||
| 596 | |a 1 | ||
| 999 | |a F TK7871.15 S55WIL |w LC |c 1 |i A010103514 |l STACKS |m P01UTAMA |r Y |s Y |t TESIS |u 19/2/1992 | ||
